00748nam a2200217 i 4500001000300000100002800003245008500031250001200116260007900128300005700207504002600264650001700290655002600307015001700333020001500350040000800365041000800373080001000381008004100391856009800432bg1 aWOŚ, Alojzyd(1939- )10aABC meteorologii /cAlojzy Woś ; Uniwersytet im. Adama Mickiewicza w Poznaniu. aWyd. 4. aPoznań :bWydawnictwo Naukowe Uniwersytetu im. Adama Mickiewicza,c2005. a235 s., [16] s. tabl. (gł. kolor.) :bil. ;c21 cm. aBibliogr. s. 231-233. 9aMeteorologia aWydawnictwa popularne aPB 1105/2006 a8323212481 cBPK0 apol a551.5 s pl f |000 0 pol  uhttp://koha.tu.koszalin.pl/cgi-bin/koha/opac-detail.pl?biblionumber=52150yKatalog online BPK